00737nam a2200205 a 450000100100000000500170001000800410002702000150006804000250008308200160010810000400012424500560016426000550022030000210027550000320029650000630032804900090039195201140040099900170051400002277920200930021807.0101118s2006 cu 000 0 spa d a9592710473 aDO-SdBNPbspacBNPHU axxxxbB333j1 aBatlle, Jorge Sergio,d1952-94680210aJosé Martí :baforismos /cJorge Sergio Batlle. aLa Habana, :bCentro de Estudios Martianos,c2006. a398 p. ;c21 cm. aIncluye índice temático aIncluye datos biográficos del autor en la contracubierta aBNPD 001050718MOaGRbGRcCTd2010-11-18iLF1l0oxxxx B333jp22779-10r2020-06-25w2020-06-25y1ZNo se presta c22276d22276